000 00324nam a22001217a 4500
008 181127b xxu||||| |||| 00| 0 eng d
041 _aeng
080 _a043.3
100 _a0
101 _aBTH-MBE
245 _aProblemet e investitoreve te huaj ne Kosove dhe rasti i studimit per "Starbucks"
_cTrepqa, B
942 _2udc
_cBK
999 _c52578
_d52578